000 00711nam a2200253Ia 4500
003 OSt
005 20221006161007.0
006 a|||||r|||| 00| 0
007 ta
008 221006b |||||||| |||| 00| 0 eng d
020 _a9780671647636
024 _a47,059
037 _cTextual
040 _aEASL
_cEASL
_beng
041 _2eng
_aeng
082 _aV42:1973,(X56).P, M8
100 _aBURSTEIN Daniel
_9675648
245 0 _aYen!
_b Japan's new financial empire and its threat to America
260 _aNew York
_bSimon and Schuster
_c1988
300 _a335p.
_ccm.
490 _v JEL
942 _hV42:1973,(X56).P, M8
_cTEXL
_2CC
999 _c1115148
_d1115148